Statistics for Geography General Knowledge Quiz #13

Click here to take the quiz!

General Stats

  • This quiz has been taken 322 times
  • The average score is 4 of 20

Answer Stats

HintAnswer% Correct
What North African city has the same name as a famous movie?Casablanca
73%
The famous writer George Orwell was born in what country?India
55%
What country that is in the top ten for population has the smallest area?Bangladesh
52%
What stateless nation makes up much of Turkey, Iraq, Syria, and Iran?Kurdistan
49%
What city, besides Warsaw, has the most Polish residents?Chicago
23%
What city receives only 37.49 inches of precipitation, despite its rainy reputation?Seattle
23%
In what city is Australia's tallest building?Gold Coast
16%
Leeds Castle is in what British county?Kent
15%
The shortest confirmed person ever lived in what country?Nepal
12%
Shanghainese is a variety of what specific language?Wu
11%
What Chilean city with bright hillside buildings is a UNESCO World Heritage site?Valparaíso
11%
What British city's cathedral was once the tallest building in the world?Lincoln
10%
What city's Elephant Tower is sometimes considered one of the ugliest buildings?Bangkok
9%
What Canadian street is (debatably) the longest street in the world?Yonge Street
7%
The German states of Saxony and Lower Saxony are separated by what state?Saxony-Anhalt
7%
What mountain is the tallest when measured from the center of the Earth?Chimborazo
5%
Ernest Hemingway was born in what Chicago suburb?Oak Park
4%
A fourth Guggenheim museum is planned for what city?Abu Dhabi
4%
What historical part of Zanzibar City is famous for its architecture and heritage?Stone Town
4%
What famous rock formations in the Bay of Fundy were caused by tidal erosion?Hopewell Rocks
3%

Score Distribution

Percentile by Number Answered

Percent of People with Each Score

Your Score History

You have not taken this quiz